| 000 | 00757nam a22002297a 4500 | ||
|---|---|---|---|
| 005 | 20080901114254.0 | ||
| 008 | 080901t xxu||||| |||| 00| 0 eng d | ||
| 010 | _aENG-90824 | ||
| 020 | _c130.00 | ||
| 035 | _aEN-74357 | ||
| 037 | _bDBAD / PUB | ||
| 040 |
_aDPL _bEnglish |
||
| 082 | _a540 | ||
| 100 | _aPalanismy, T. | ||
| 245 |
_aStudies in chemisty / _cby T. Palanisamy |
||
| 260 |
_aTrichy _bSri Mukil Publications _c2007 |
||
| 270 |
_a81, Gokula Nagar, 6th Cross, Sakthi Nagar Extension, _bTrichy _e17 |
||
| 300 |
_avii, 287p. _c23 cm (pbk) |
||
| 650 | _aChemistry | ||
| 942 |
_2ddc _cEN _h540 _mPAL |
||
| 999 |
_c15231 _d15231 |
||